| 000 | | | 05146nac2a22003133x 450 |
| 001 | | | 24927be2-603b-42cf-8d54-2c4eedf0acef |
| 005 | | | 20190219180923.0 |
| 100 | ## | $a | 20190115l 1919k y0rusy50 ca |
| 101 | 0# | $a | rus |
| 102 | ## | $a | RU |
| 105 | ## | $a | y z |||e| |
| 200 | 1# | $a | Постановление Совета Министров о дополнительном отпуске аванса МВД на строительные работы и переписка Департамента призрения МВД с организациями и частными лицами по вопросам строительства (протокол заседания покупочной комиссии. Список рабочих Ижевского з-да) |
| | $j | 23 августа - 12 сентября 1919 |
| 215 | ## | $a | 16 листов |
| 251 | ## | $c | Дело |
| 300 | ## | $a | Заголовок дела на папке: Постановление Совета Министров о дополнительном отпуске аванса МВД на производство строительных работ и переписка Департамента призрения МВД с различными учреждениями и частными лицами по вопросам строительства. (Протокол заседания покупочной комиссии. Список рабочих Ижевского з-да) |
| 300 | ## | $a | В деле имеются телеграммы |
| 300 | ## | $a | Листы: 1, 2, 6, 8, 11, 12 - поврежденные |
| 300 | ## | $a | Машинописный и рукописный текст |
| 324 | ## | $a | В деле имеются копии отдельных документов |
| 330 | ## | $a | Входит в раздел описи: 1919 г. |
| 461 | #0 | $1 | 0010f0e3429-2e37-4fb4-ace0-6332d350a692 |
| | $1 | 2001 |
| | $a | Министерство внутренних дел Российского правительства. Омск |
| | $1 | 251 |
| | $c | Фонд |
| | $1 | 852 |
| | $j | 1700 |
| | $g | Р |
| 462 | #0 | $1 | 00196992368-87aa-4ec8-94b8-d5a64cfcd599 |
| | $1 | 2001 |
| | $a | Канцелярия министра. 1918-1919 гг. |
| | $v | Д. 90 |
| | $1 | 251 |
| | $c | Опись |
| | $1 | 852 |
| | $j | 7 |
| 517 | 1# | $a | Постановление Совета Министров о дополнительном отпуске аванса МВД на производство строительных работ и переписка Департамента призрения МВД с различными учреждениями и частными лицами по вопросам строительства. (Протокол заседания покупочной комиссии. Список рабочих Ижевского з-да) |
| 601 | 02 | $3 | RU\NLR\AUTH\8810247804 |
| | $a | Временное Сибирское правительство |
| | $b | Министерство внутренних дел |
| 601 | 02 | $3 | RU\NLR\AUTH\889929389 |
| | $a | Временное Сибирское правительство |
| | $b | Совет Министров |
| 601 | 02 | $a | Временное Сибирское правительство. Министерство внутренних дел. Департамент призрения |
| 801 | #0 | $a | RU |
| | $b | GA_RF |
| 801 | #1 | $a | RU |
| | $b | ГлавНИВЦ |
| | $c | 20190115 |
| | $2 | rusmarc |
| 801 | #2 | $a | RU |
| | $b | ПБ им. Б.Н. Ельцина |
| | $c | 20190219 |
| | $g | RCR |
| | $2 | rusmarc |
| 852 | ## | $a | ГА РФ |
| | $j | 90 |
| 937 | ## | $d | 125646235 |
| | $h | ПБ |
| 035 | ## | $a | RuPRLIB51055378 |
| 856 | ## | $u | http://readingroom.main.prlib.ru/item.aspx?id_node=n125646235&mode=full |